000 00885nam a22002777a 4500
001 BR9503162
003 BR-BrBNA
005 20230928094523.0
007 ta
008 230509b bl.||||| |||| 00| 0 por d
040 _aBR-BrBNA
_bpor
_cBiblioteca Nacional de Agricultura
041 _a(Por)
072 _aH20
_b4050
_b3930
090 _ 4050 BR9503162
100 1 _aSalgado, S.M. de L.
110 1 _aEscola Superior de Agricultura de Lavras, MG (Brasil)
_0Tese (Mestre em Fitossanidade)
245 1 _aFormulacao do fungo Arthrobotrys cooides em alginato de sodio para o controle de fitonematoides
260 3 _aLavras, MG (Brasil):
_c1993.
300 _a37 p.
500 _a7 illus.; 30 ref.; Summaries (Eng, Por)
650 _aDoenca de Planta
650 _aNematoide
650 _aFungo para Controle Biologico
909 _a202309
_bLucia
_c55
_dLucia Elande
942 _cBK
999 _c51131
_d51131